Os 15 principais países com mortes por Covid19 - 27 de junho - Statistics

Estatísticas Gerais
  • Esse quiz foi jogado 20 vezes
  • A pontuação média é 13 de 20
Estatísticas das Respostas
país % Correto
Brasil
100%
Estados Unidos
100%
Alemanha
90%
Espanha
90%
Itália
90%
Canadá
80%
Índia
80%
México
80%
Reino Unido
80%
Rússia
80%
França
75%
Suécia
60%
Chile
45%
Bélgica
40%
Irão
40%
Irlanda
40%
Países Baixos
40%
Peru
40%
Suíça
40%
Equador
25%
Nenhum quiz correspondente encontrado
Distribuição das Pontuações
Porcentagem de Pessoas com Cada Pontuação
Percentil de Números Respondidos
Sua Pontuação Histórica
Você não jogou esse quiz